| 000 | 01299nam a2200229 i 4500 | ||
|---|---|---|---|
| 001 | 157220 | ||
| 003 | ES-MaACL | ||
| 005 | 20250720063052.0 | ||
| 008 | 040812s18811 sp |||| | spa d | ||
| 100 | 1 |
_aLastres y Juiz, Francisco, _d1848-1918 _eaut _970504 |
|
| 245 | 1 | 0 |
_aQuiebra de la Compañía de los Ferrocarriles del Noroeste de España : _balegato presentado en nombre de obligacionistas de dicha empresa en el pleito seguido ante el Juzgado de la Inclusa de Madrid sobre mejora en la graduación de créditos reconocidos / _credactado por Francisco Lastres. |
| 260 |
_aMadrid : _b[s.n.], _c1881 ( _fImp. de Manuel G. Hernández) |
||
| 300 |
_a24 páginas ; _c22 cm. |
||
| 530 | _aDisponible en formato digital | ||
| 610 | 2 | 4 |
_9134292 _aCompañía de los Ferrocarriles del Noroeste de España |
| 852 |
_aES-MaACL _cDEPOF _jT-350-F-12 _xEnc. en un vol. facticio _xHolandesa, falto de cub. original |
||
| 852 |
_aES-MaACL _cDEPOF _gDed. ms. del autor a Augusto Charro Hidalgo _hLegado Charro Hidalgo _jT-821-F-1 _xEnc. en un vol. facticio _xHolandesa, conservando cub. original |
||
| 856 |
_uhttp://bdh-rd.bne.es/viewer.vm?id=0000136823&page=1 _yVersión en línea _z(Biblioteca Digital Hispánica) |
||
| 942 |
_2udc _cFOLLETOS _n0 |
||
| 999 |
_c157220 _d157220 |
||